02082cam a22005054i 4500003000900000005001700009008004100026020001500067035002700082040003300109049000900142082001900151100003900170245009600209264006300305300003800368336002100406337002500427338002300452490004100475504002800516505023300544526001000777526001000787526000900797526000900806526000900815526000900824526000900833526000900842526000900851526000800860526000800868526000800876526000800884526000800892630004200900942001400942949019000956994001401146596000601160999021801166980005501384952013701439PE-LiUPU20250731165452.0150623s r 000 0 d a0802841260 a(Sirsi) i9780802841261 aPE-LiUPUbspacPE-LiUPUerda aPRUA04a221.7bITC2211 aSakenfeld, Katherine Doob,eautor.10aNumbers :ba comentary on the book of; journeying with God.n4 /cKatherine Doob Sakenfeld. 1aMichigan :bWilliam B. Eerdmans Publishing Company,c1995. a194 páginas ;c21 centímetros atext2rdacontent aunmediated2rdamedia avolume2rdacarrier0 aInternational Theological Commentary aIncluye bibliografía.0 aPreparation for journeying from sinai. - Journey from sinai to moab. - End of the first generation apposite Jericho. -Census of the new generation (26:1-65). -Miscellaneous legislation; Events prior to Moses' death (27:1-36-13). aSEG44 aSEG26 aP151 aP150 aP149 aP146 aP145 aP126 aP125 aP92 aP75 aP74 aP27 aP15 aBiblia.pA.T.pNúmeosxComentarios. 2ddccBOOK aRC 221.7 ITC 4wDEWEYc1i44465lCCODEBUL1mBULr0sYtBOOKu2015-6-24xTEOLOGIAPP350COMPRAo.CIRCNOTE. No olvidar cambiar la fecha de devolución!!!!!!!o.STAFF. Colección General aC0bPEPRU a1 aRC 221.7 ITC 4wDEWEYc21342i44465d21342f2021-11-8g5lCCODEBUL1mBULq7r1sYtBOOKu2015-6-24xTEOLOGIAPP350COMPRAo.CIRCNOTE. No olvidar cambiar la fecha de devolución!!!!!!!o.STAFF. Colección General 81gALBERTO SANCHEZ Responsable de Automatización r2025-12-02 00:00:00i6l0oRC 221.7 ITC 4p44465te1w2015-06-24xFTyREF102ddc50718REFfP35aBULbBULcREFd2015-06-24eCOMPRA